000 00533nam a22002057a 4500
003 OSt
005 20151105183629.0
008 151105b xxu||||| |||| 00| 0 eng d
020 _a9780849314599
040 _cDDC
050 _a658.4 BUS 2009
_b BUS 2009
100 _aedited by Wrobel A,Leo;
_96010
245 _aBusiness Resumption Planning.
250 _a2nd ed
260 _alondon New york
_bCRC Press
_c2009
300 _axv,489p;
_bill:
_c36cm
504 _aincludes index
650 _aMarketing
_9518
942 _2ddc
_cSLOAN
999 _c2441
_d2441